Thermodynamics (Record no. 7801)

000 -LEADER
fixed length control field 00495nam a22002057a 4500
001 - CONTROL NUMBER
control field 7801
003 - CONTROL NUMBER IDENTIFIER
control field BD-DhUET
008 - FIXED-LENGTH DATA ELEMENTS--GENERAL INFORMATION
fixed length control field 141212b xxu||||| |||| 00| 0 eng d
040 ## - CATALOGING SOURCE
Transcribing agency 0
Modifying agency BD-DhUET
082 ## - DEWEY DECIMAL CLASSIFICATION NUMBER
Classification number 621.01
Item number OBE/1963
100 ## - MAIN ENTRY--PERSONAL NAME
Personal name Obert, Edward F.
245 ## - TITLE STATEMENT
Title Thermodynamics
250 ## - EDITION STATEMENT
Edition statement 2nd ed.
260 ## - PUBLICATION, DISTRIBUTION, ETC. (IMPRINT)
Place of publication, distribution, etc. New York
Name of publisher, distributor, etc. McGraw-Hill Book
Date of publication, distribution, etc. 1963
300 ## - PHYSICAL DESCRIPTION
Extent xxi,596p.
504 ## - BIBLIOGRAPHY, ETC. NOTE
Bibliography, etc Includes bibliographies
650 #0 - SUBJECT ADDED ENTRY--TOPICAL TERM
Topical term or geographic name as entry element Thermodynamics
700 ## - ADDED ENTRY--PERSONAL NAME
Personal name Gaggioli, Richard A.
942 ## - ADDED ENTRY ELEMENTS (KOHA)
Koha item type General Book
Holdings
Koha full call number Koha item type Withdrawn status Sublocation or collection (holding branch) Price effective from Piece designation (barcode) Date acquired Lost status Koha normalized classification for sorting Koha date last seen Damaged status Shelving location Location (home branch) Copy number Not for loan Source of classification or shelving scheme
621.01/OBE/1963General Book Central Library, BUET2014-12-1264022014-12-12 621_010000000000000_OBE_19632014-12-12 Circulation sectionCentral Library, BUET1  
621.01/OBE/1963General Book Central Library, BUET2014-12-1264032014-12-12 621_010000000000000_OBE_19632014-12-12 Circulation sectionCentral Library, BUET2  
621.01/OBE/1963General Book Central Library, BUET2014-12-12157312014-12-12 621_010000000000000_OBE_19632014-12-12 Circulation sectionCentral Library, BUET3  
621.01/OBE/1963General Book Central Library, BUET2014-12-12187032014-12-12 621_010000000000000_OBE_19632014-12-12 Circulation sectionCentral Library, BUET4  
621.01/OBE/1963General Book Central Library, BUET2014-12-12187062014-12-12 621_010000000000000_OBE_19632014-12-12 Circulation sectionCentral Library, BUET5  
621.01/OBE/1963General Book Central Library, BUET2014-12-12187082014-12-12 621_010000000000000_OBE_19632014-12-12 Circulation sectionCentral Library, BUET6  
621.01/OBE/1963General Book Central Library, BUET2014-12-12187052014-12-12 621_010000000000000_OBE_19632014-12-12 Circulation sectionCentral Library, BUET7  
621.01/OBE/1963General Book Central Library, BUET2014-12-12187022014-12-12 621_010000000000000_OBE_19632014-12-12 Circulation sectionCentral Library, BUET8  
621.01/OBE/1963General Book Central Library, BUET2015-04-12187072015-04-12 621_010000000000000_OBE_19632015-04-12 Circulation sectionCentral Library, BUET9